Clash Royale cards: Dragon Edition - Statistics

General Stats
  • This quiz has been taken 12 times
  • The average score is 5 of 5
Answer Stats
Hint Answer % Correct
Evo Baby dragon
100%
Evo Electro dragon
100%
Two dragons Skeleton dragons
100%
Evo Inferno dragon
91%
Rides a dragon Spirit empress
82%
No matching quizzes found
Score Distribution
Percent of People with Each Score
Percentile by Number Answered
Your Score History
You have not taken this quiz